Une ascension dans les Montagnes Rocheuses / (Record no. 158700)

MARC details
000 -LEADER
campo de control de longitud fija 00710nam a22001815i 4500
001 - NÚMERO DE CONTROL
campo de control 158700
003 - IDENTIFICADOR DE NÚMERO DE CONTROL
campo de control ES-MaACL
005 - FECHA Y HORA DE LA ÚLTIMA TRANSACCIÓN
campo de control 20230906211257.0
008 - DATOS DE LONGITUD FIJA--INFORMACIÓN GENERAL
campo de control de longitud fija 040902s1867 fr |||| | fre d
040 ## - FUENTE DE CATALOGACIÓN
Centro catalogador/agencia de origen CAM
Lengua de catalogación spa
Centro/agencia transcriptor CAM
100 1# - ENTRADA PRINCIPAL--NOMBRE DE PERSONA
Nombre de persona Marcou, Jules.
9 (RLIN) 76547
245 14 - MENCIÓN DEL TÍTULO
Título Une ascension dans les Montagnes Rocheuses /
Mención de responsabilidad, etc. par J. Marcou.
260 ## - PUBLICACIÓN, DISTRIBUCIÓN, ETC.
Lugar de publicación, distribución, etc. Paris :
Nombre del editor, distribuidor, etc. [s.n.],
Fecha de publicación, distribución, etc. 1867 (
Fabricante Imprimerie de E. Martinet)
300 ## - DESCRIPCIÓN FÍSICA
Extensión 24 p. ;
Dimensiones 24 cm.
500 ## - NOTA GENERAL
Nota general Extrait du Bulletin de la Société de Géographie (Mai 1867)
651 #4 - PUNTO DE ACCESO ADICIONAL DE MATERIA--NOMBRE GEOGRÁFICO
Nombre geográfico Montañas Rocosas.
9 (RLIN) 137260
852 ## - LOCALIZACIÓN
Ubicación ES-MaACL
Número de control de estantería T-901-F-24
Nota libre -- Enc. hol. conservando la cub. original
-- -- Legado de Federico de Botella y de Hornos
-- -- Enc. en un vol. facticio
Holdings
Estatus retirado Estado de pérdida Estado de daño No para préstamo Colección Biblioteca de origen Biblioteca actual Ubicación en estantería Fecha de adquisición Fuente de adquisición Total de préstamos Signatura topográfica completa Código de barras Visto por última vez Precio de reemplazo Tipo de ítem Koha
        Colección de folletos Biblioteca del Ateneo de Madrid Biblioteca del Ateneo de Madrid Depósito folletos 17/01/2008     T-901-F-24 1166109 23/02/2023 23/02/2023 Folleto